<?xml version="1.0" encoding="UTF-8"?><?xml-stylesheet type="text/xsl" href="static/style.xsl"?><OAI-PMH xmlns="http://www.openarchives.org/OAI/2.0/" xmlns:xsi="http://www.w3.org/2001/XMLSchema-instance" xsi:schemaLocation="http://www.openarchives.org/OAI/2.0/ http://www.openarchives.org/OAI/2.0/OAI-PMH.xsd"><responseDate>2026-04-27T19:49:13Z</responseDate><request verb="GetRecord" identifier="oai:uvadoc.uva.es:10324/2464" metadataPrefix="marc">https://uvadoc.uva.es/oai/request</request><GetRecord><record><header><identifier>oai:uvadoc.uva.es:10324/2464</identifier><datestamp>2021-09-14T06:37:35Z</datestamp><setSpec>com_10324_1508</setSpec><setSpec>com_10324_894</setSpec><setSpec>col_10324_1584</setSpec></header><metadata><record xmlns="http://www.loc.gov/MARC21/slim" xmlns:doc="http://www.lyncode.com/xoai" xmlns:xsi="http://www.w3.org/2001/XMLSchema-instance" xmlns:dcterms="http://purl.org/dc/terms/" xsi:schemaLocation="http://www.loc.gov/MARC21/slim http://www.loc.gov/standards/marcxml/schema/MARC21slim.xsd">
<leader>00925njm 22002777a 4500</leader>
<datafield tag="042" ind1=" " ind2=" ">
<subfield code="a">dc</subfield>
</datafield>
<datafield tag="720" ind1=" " ind2=" ">
<subfield code="a">Olmedo Peralta, Eugenio</subfield>
<subfield code="e">author</subfield>
</datafield>
<datafield tag="260" ind1=" " ind2=" ">
<subfield code="c">2011</subfield>
</datafield>
<datafield tag="520" ind1=" " ind2=" ">
<subfield code="a">En el marco del Espacio Europeo de Educación Superior, la metodología a&#xd;
seguir en la enseñanza de disciplinas jurídicas debe fomentar la participación&#xd;
del alumno en su propio proceso de aprendizaje, mecanismo imprescindible&#xd;
para formar profesionales autónomos. Emplear técnicas docentes tales como la&#xd;
programación del aprendizaje basado en problemas o la construcción práctica&#xd;
de supuestos presenta las ventajas de conseguir captar el interés del alumno y&#xd;
de permitirle desarrollar la capacidad de encontrar soluciones propias a&#xd;
situaciones reales; competencias vitales para formar verdaderos profesionales.&#xd;
No obstante, en la construcción de estos procesos de aprendizaje muchas&#xd;
veces se olvida que el Derecho es una realidad viva y poliédrica, que no&#xd;
permite la construcción de supuestos «reales» en los que sólo se muestren&#xd;
determinadas caras de los fenómenos. La construcción de problemas en los&#xd;
que se pretendan abordar instituciones desde el prisma exclusivo de una&#xd;
determinada área del Derecho se muestra como una actividad incompleta,&#xd;
pues en la mayoría de los casos, observarlos desde más de una perspectiva&#xd;
nos puede llevar a estimar que la solución más idónea es una diversa a la que&#xd;
se habría alcanzado desde una visión más sesgada. La coordinación entre las&#xd;
diversas materias en la planificación de actividades y contenidos se hace&#xd;
necesaria para un aprendizaje trasversal del alumno. De la simbiosis entre las&#xd;
distintas ramas del Derecho se pueden extraer técn</subfield>
</datafield>
<datafield tag="024" ind2=" " ind1="8">
<subfield code="a">IV Congreso Nacional de Innovaciones Científicas: Coordinación y planificación en los estudios de derecho. Valladolid: Universidad de Valladolid, 2011, p. 323-347</subfield>
</datafield>
<datafield tag="024" ind2=" " ind1="8">
<subfield code="a">978-84-694-8683-2</subfield>
</datafield>
<datafield tag="024" ind2=" " ind1="8">
<subfield code="a">http://uvadoc.uva.es/handle/10324/2464</subfield>
</datafield>
<datafield ind1=" " ind2=" " tag="653">
<subfield code="a">Derecho-Estudio y enseñanza</subfield>
</datafield>
<datafield ind1=" " ind2=" " tag="653">
<subfield code="a">Aprendizaje basado en problemas (ABP)</subfield>
</datafield>
<datafield tag="245" ind1="0" ind2="0">
<subfield code="a">La interdisciplinariedad en el aprendizaje basado en problemas en las enseñanzas jurídicas: la necesidad de coordinación entre materias</subfield>
</datafield>
</record></metadata></record></GetRecord></OAI-PMH>